| 000 | 01356nam a2200253Ia 4500 | ||
|---|---|---|---|
| 999 |
_c34898 _d34898 |
||
| 001 | 721 | ||
| 003 | GE_BSU | ||
| 005 | 20260108150659.0 | ||
| 008 | 181216s2010||||ge |||||||||||||| ||geo|| | ||
| 040 | _cGE_BSU | ||
| 041 | _ageo | ||
| 080 | _a657.5 მ-83 | ||
| 100 |
_aმონტგომერი. _926627 |
||
| 245 |
_a აუდიტი. _b[სახელმძღვანელო] / _cმონტგომერი ; [რუს. ვარიანტიდან თარგმნა ნარგიზა ფხაკაძემ ; რედ. ნოდარ ქებაძე] ; |
||
| 264 |
_aთბილისი : _b,,ფინანსები'' _c[2010] |
||
| 300 |
_a597 გვ. : _b ტაბ. ; _c 20 სმ. |
||
| 653 | _aაუდიტი -- სახელმძღვანელოები უმაღლესი სასწავლებლებისათვის | ||
| 653 | _aაუდიტი | ||
| 653 | _aბუღალტერია | ||
| 700 |
_a ფხაკაძე, ნარგიზ _eმთარგმნელი _926628 |
||
| 700 |
_a ქებაძე, ნოდარ _eრედაქტორი _926629 |
||
| 710 |
_aსაქ. პარლამენტთან არსებული აუდიტ. საქმიანობის საბჭო. _926630 |
||
| 942 |
_cBK _2udc |
||